000 00952nam a2200265 i 4500
003 DO-SdBNP
005 20250203083716.0
007 ta
008 240226s2013 dr c 000 j spa d
040 _aDO-SdBNP
_bspa
_cBNPHU
_erda
082 _axxx
_bD578
_222
100 _aDilla Alfonso, Haroldo,
_95199
_eautor
_4aut.
245 1 3 _aLa migración haitiana en el Caribe :
_buna propuesta para la acción /
_cHaroldo Dilla Alfonso
264 1 _aSanto Domingo :
_bCentro Bono,
_c2013.
300 _a48 páginas :
_bretratos ;
_c21 cm.
336 _atexto
_btxt
_2rdacontent
337 _asin mediación
_bn
_2rdamedia
338 _avolumen
_bnc
_2rdacarrier
500 _aIncluye datos biografícos del autor en la solapa de la cubierta
500 _aincluye referencias bibliográficas y notas al pie de páginas las páginas
504 _aBibliografía : páginas 45-48
590 _aInventariado, 2024/ YL
910 _aYLockward
942 _2ddc
_cLF2
999 _c56204
_d56204